01456nam a2200265Ia 450000100060000000300090000600800410001504000130005604000130006904100130008210000260009510000290012124000180015024000350016824500790020324500790028225000110036126000110037226000130038326000490039630000570044550006320050265000250113465000310115979512IT-RoPAU130308s9999 xx 000 0 und d aIT-RoPAU cIT-RoPAU aITALIANO aBraitenberg Valentino gCodice Aut. SPICS: 15255 aGESCHEIT SEIN gCodice Tit. Orig. Spics: T1167 aCervello e le idee (Il)-Saggi sull'intelligenza, il linguaggio, la scienza bCervello e le Idee (Il)-Saggi Sull'Intelligenza, Il Linguaggio, la Scienza a1a ed. aMILANO bGarzanti c1989 [1° Ed.:1989 - Ed.Ling.Originale:1987] a"238 p. (prefazione: no ; testo: 238 [pagine: 0-0])" aCosa Il cervello Ha a che Fare con L'Informazioneil Cervello, L'Eminenza Grigia del Comportamentoalla Scoperta del Cervelloscienza del cervello Come Scienza Dello Spiritoviaggio nel cervello Ingrandito mille Voltetentacoli della Mentei Silenzi del Computerla misura dell'Intelligenzail Non Voler Essere Capiti e Il Linguaggioalcune Considerazioni Sui Meccanismi Cerebrali del Linguaggiofamosi Tirolesi All'Estero: Dr. A. dell'Antonio B. Von Thurn T. Franzmaestro Zogghele, Insegnante di Violinolettera a Chargaffmeditazioni Monistichesette Spaccature nel Mondo delle Scienzel'Altro Mito della Cavernasummalo Sviluppo D'Immagini aSAGGI DI CIBERNETICA eCodice materia Spics: 4107